000 00574cab a2200205 4500
001 WB3232-77
008 090401t1996 xxu||||| |||| 00| 0 eng d
035 _a(Sirsi) u74069
041 _aeng
245 _aFixtures tax sparks backlash
260 _c1996
350 _a0
490 _aAccountancy Age
_v8 August 1996, 8(1)
520 _aRICS criticises governmant plans to close loopholes in rules for capital allowances on fixtures in buildings.
650 _aCAPITAL ALLOWANCES
650 _aFIXTURES
690 _aTAXATION
942 _n0
948 _c04/03/1997
999 _c46756
_d46756